|
|
|
|
| LEADER |
02005nam a2200433 i 4500 |
| 001 |
33682 |
| 003 |
BD-DhAAL |
| 005 |
20211121145117.0 |
| 008 |
180814t2016 ilua b 001 0 eng c |
| 999 |
|
|
|c 39469
|d 39469
|
| 010 |
|
|
|a 2016000143
|
| 020 |
|
|
|a 9780226239569 (cloth : alk. paper)
|
| 020 |
|
|
|a 9780226239736 (pbk. : alk. paper)
|
| 020 |
|
|
|z 9780226239873 (e-book)
|
| 040 |
|
|
|a ICU/DLC
|b eng
|c ICU
|e rda
|d DLC
|d BD-DhAAL
|
| 042 |
|
|
|a pcc
|
| 050 |
0 |
0 |
|a Q180.55.M4
|b B66 2016
|
| 082 |
0 |
0 |
|a 001.42
|2 23
|
| 100 |
1 |
|
|a Booth, Wayne C.
|9 27964
|
| 245 |
1 |
4 |
|a The craft of research /
|c Wayne C. Booth.. [et..al]
|
| 250 |
|
|
|a Fourth edition.
|
| 260 |
|
|
|a Chicago :
|b The University of Chicago Press,
|c 2016.
|
| 300 |
|
|
|a xvi, 316 pages :
|b illustrations ;
|c 22 cm.
|
| 440 |
|
|
|a Chicago guides to writing, editing, and publishing
|9 27983
|
| 504 |
|
|
|a Includes bibliographical references and index.
|
| 526 |
|
|
|a ENH
|
| 541 |
|
|
|a Trim Education
|e 33680, 33681, 33682
|
| 650 |
|
0 |
|a Research
|x Methodology.
|9 27965
|
| 650 |
|
0 |
|a Technical writing.
|9 27966
|
| 650 |
|
0 |
|a English language.
|9 42920
|
| 700 |
1 |
|
|a Colomb, Gregory G.,
|e author.
|9 27967
|
| 700 |
1 |
|
|a Williams, Joseph M.,
|e author.
|9 27968
|
| 700 |
1 |
|
|a Bizup, Joseph,
|d 1966-
|e author.
|9 27969
|
| 700 |
1 |
|
|a FitzGerald, William T.,
|e author.
|9 27970
|
| 852 |
|
|
|a Ayesha Abed Library
|c General Stacks
|
| 942 |
|
|
|2 ddc
|c BK
|
| 952 |
|
|
|0 0
|1 0
|2 ddc
|4 0
|6 001_420000000000000_BOO
|7 0
|9 64214
|a BRACUL
|b BRACUL
|c GEN
|d 2018-08-06
|e Trim Education
|g 3725.00
|l 8
|m 129
|o 001.42 BOO
|p 3010033681
|r 2026-05-21
|s 2026-01-31
|t 2
|v 3725.00
|w 2018-08-06
|y BK
|
| 952 |
|
|
|0 0
|1 0
|2 ddc
|4 0
|6 001_420000000000000_BOO
|7 0
|9 64215
|a BRACUL
|b BRACUL
|c GEN
|d 2018-08-06
|e Trim Education
|g 3725.00
|l 12
|m 123
|o 001.42 BOO
|p 3010033680
|q 2026-06-02
|r 2026-05-07
|s 2026-05-07
|t 1
|v 3725.00
|w 2018-08-06
|y BK
|
| 952 |
|
|
|0 0
|1 0
|2 ddc
|4 0
|6 001_420000000000000_BOO
|7 0
|9 64216
|a BRACUL
|b BRACUL
|c GEN
|d 2018-08-06
|e Trim Education
|g 3725.00
|l 5
|m 87
|o 001.42 BOO
|p 3010033682
|r 2025-05-04
|s 2024-09-04
|t 3
|v 3725.00
|w 2018-08-06
|y BK
|